| 000 | 00699nam a2200217 a 4500 | ||
|---|---|---|---|
| 001 | 000017400 | ||
| 005 | 20240412074247.0 | ||
| 008 | 100324s2009 dr 000 j spa d | ||
| 020 | _a9789945427714 | ||
| 040 |
_aDO-SdBNP _bspa _cBNPHU |
||
| 082 |
_aRD863.44 _bB663i |
||
| 100 | 1 |
_aBobadilla, José, _d1955- _911356 |
|
| 245 | 1 | 3 |
_aLa insaciable aguja del deseo / _cJosé Bobadilla. |
| 260 |
_aSanto Domingo : _bNacional, _c2009. |
||
| 300 |
_a171 p. ; _c23 cm. |
||
| 586 | _aPremio Nacional de Cuento José Ramón López, 2007 | ||
| 590 | _aInventariado, 2020/MFF | ||
| 650 | 0 |
_aCuentos dominicanos _9176 |
|
| 650 | 0 |
_aLiteratura dominicana. _967 |
|
| 910 | _aValidado. Control de calidad MMOLINA | ||
| 999 |
_c16925 _d16925 |
||